| 000 | 01092nam a22003617a 4500 | ||
|---|---|---|---|
| 001 | 000001418 | ||
| 003 | CHAP | ||
| 005 | 20220329133024.0 | ||
| 008 | 971013s1986 r 00010 d | ||
| 010 | _a1369 | ||
| 011 | _a2341 | ||
| 035 | _a1534 | ||
| 040 | _cCHAP | ||
| 082 |
_a541.083 _bH63 1986 |
||
| 245 | 0 |
_aHandbook of chemistry and physics : _b: a ready - reference book of chemical and physical data. |
|
| 250 | _a67 ed. | ||
| 260 |
_aBoca Ratón, Florida : _bCRC, _c1986. |
||
| 300 | _ac.a. 2500 p. | ||
| 590 |
_aBATCH-UPD _b10 _c20130110 _lUCH01 _h1715 |
||
| 590 |
_aBATCH-UPD _b10 _c20130410 _lUCH01 _h1100 |
||
| 590 |
_aBATCH-UPD _b10 _c20130914 _lUCH01 _h1422 |
||
| 590 |
_aCONVERSION _b10 _c20130109 _lUCH01 _h1302 |
||
| 590 |
_aE11695DGD _b10 _c20170807 _lUCH01 _h1325 |
||
| 590 |
_aE11695DGD _b10 _c20170807 _lUCH01 _h1325 |
||
| 650 | 1 | 4 |
_aFísica _xManuales. _941988 |
| 650 | 1 | 4 |
_aFísica _xTablas. _941994 |
| 650 | 1 | 4 |
_aQuímica _xManuales. _993566 |
| 650 | 1 | 4 |
_aQuímica _xTablas. _993573 |
| 700 | 0 |
_aWeast, Robert C. _9121248 |
|
| 901 | _aBK | ||
| 942 | _cLIBRO | ||
| 942 | _n0 | ||
| 999 |
_c1369 _d1369 |
||